Lo que cuentan los muertos / (Record no. 189045)

MARC details
000 -LEADER
campo de control de longitud fija 01124nam a2200289 i 4500
001 - NÚMERO DE CONTROL
campo de control 189045
003 - IDENTIFICADOR DE NÚMERO DE CONTROL
campo de control SpMaBN
005 - FECHA Y HORA DE LA ÚLTIMA TRANSACCIÓN
campo de control 20250806060947.0
008 - DATOS DE LONGITUD FIJA--INFORMACIÓN GENERAL
campo de control de longitud fija 190325s2015 sp fo |||| | spa d
020 ## - NÚMERO INTERNACIONAL ESTÁNDAR DEL LIBRO
Número Internacional Estándar del Libro 978-84-9998-434-6
080 ## - NÚMERO DE LA CLASIFICACIÓN DECIMAL UNIVERSAL
Número de la Clasificación Decimal Universal 340.6(035)
080 ## - NÚMERO DE LA CLASIFICACIÓN DECIMAL UNIVERSAL
Número de la Clasificación Decimal Universal 340.64:572(035)
100 1# - ENTRADA PRINCIPAL--NOMBRE DE PERSONA
Nombre de persona Dorado Fernández, Enrique.
9 (RLIN) 166682
245 10 - MENCIÓN DEL TÍTULO
Título Lo que cuentan los muertos /
Mención de responsabilidad, etc. Enrique Dorado y José Antonio Sánchez.
246 3# - FORMA VARIANTE DEL TITULO
Texto de visualización Subtít. de cubierta
Título propio/Titulo breve los cadáveres pueden desvelarnos secretos, solo hay que saber escucharlos
250 ## - MENCION DE EDICION
Mención de edición 1ª ed.
260 ## - PUBLICACIÓN, DISTRIBUCIÓN, ETC.
Lugar de publicación, distribución, etc. Barcelona :
Nombre del editor, distribuidor, etc. Temas de Hoy,
Fecha de publicación, distribución, etc. 2015.
300 ## - DESCRIPCIÓN FÍSICA
Extensión 212 p., [8] p. de lám. ;
Dimensiones 23 cm.
650 07 - PUNTO DE ACCESO ADICIONAL DE MATERIA--TÉRMINO DE MATERIA
Término de materia o nombre geográfico como elemento de entrada Medicina legal
Fuente del encabezamiento o término embne
9 (RLIN) 14928
650 #7 - PUNTO DE ACCESO ADICIONAL DE MATERIA--TÉRMINO DE MATERIA
Término de materia o nombre geográfico como elemento de entrada Antropología forense
Fuente del encabezamiento o término embne
9 (RLIN) 166679
700 1# - ENTRADA AGREGADA--NOMBRE PERSONAL
Nombre de persona Sánchez Sánchez, José Antonio
Títulos y otros términos asociados al nombre (médico)
9 (RLIN) 166680
852 ## - LOCALIZACIÓN
Ubicación ES-MaACL
Número de control de estantería A-14435
itemnumber 196182
Sublocalización o colección R.151893
Ubicación en estantería Depósito 1
Signatura antigua Olim: N-7435
Donativo/Legado Donación: Enrique Dorado y José Antonio Sánchez
903 ## - NOMBRE PERSONAL DE DONANTE
9 166682
a Dorado Fernández, Enrique
e Donante
903 ## - NOMBRE PERSONAL DE DONANTE
9 102379
a Sánchez, José Antonio
e Donante
942 ## - ELEMENTOS DE ENTRADA SECUNDARIOS (KOHA)
Fuente del sistema de clasificación o colocación Clasificación decimal universal
Tipo de ítem Koha Libro impreso
Holdings
Estatus retirado Estado de pérdida Fuente del sistema de clasificación o colocación Estado de daño No para préstamo Biblioteca de origen Biblioteca actual Ubicación en estantería Fecha de adquisición Fuente de adquisición Total de préstamos Signatura topográfica completa Código de barras Visto por última vez Precio de reemplazo Tipo de ítem Koha
    Clasificación decimal universal     Biblioteca del Ateneo de Madrid Biblioteca del Ateneo de Madrid Depósito 1 25/03/2019 Donación   A-14435 1200215 23/02/2023 23/02/2023 Libro impreso